00928nam a2200205 a 450000100100000000500170001000800410002704000250006808200150009310000440010824501200015226000790027230000280035150400320037970000530041104900090046495201130047395201190058699900170070500002916120260521073716.0110127s2001 dr a 000 0 spa d aDO-SdBNPbspacBNPHU axxxbG216f1 aGarcía Romero, Gladys Graciela91739610aFormación ciudadana para el nivel medio /cGladys Graciela García Romero ; presentación MU-KIEN Adriana Sang. aSanto Domingo :bPontificia Universidad Católica Madre y Maestra,c2001. a146 p. :bil. ;c29 cm. aBibliografía : p. 141-1421 aSang, Mu-Kien A. d1955-q(Mu-Kien Adriana)9331 aBNPD 0010718PDaPDbPDcCTd2011-04-13iLF1l0oxxx G216fp29161-10r2020-06-25w2020-06-25yLFPDZNo se presta 0010718PDaPDbPDcCTd2011-04-13iLF1l0oxxx G216fp29161-20r2020-06-25te. 2w2020-06-25yLFPDZNo se presta c28653d28653